| 000 | 01858nam a2200565 i 4500 | ||
|---|---|---|---|
| 001 | 44646 | ||
| 003 | KOSZ 005 | ||
| 005 | 20230110082846.0 | ||
| 008 | 031028s2003 pl a |000 0 pol | ||
| 015 | _aUWD 2004/3646 | ||
| 020 | _a8389446073 | ||
| 035 | _a991021794299705066 | ||
| 035 | _a(PL-WaBN)b15888423-48omnis_nlop | ||
| 035 | _ab15888423 | ||
| 035 | _a(OCoLC)749308991 | ||
| 035 | _azz2003984720 | ||
| 035 | _a(PL)b0000001588842 | ||
| 035 | _a(EXLNZ-48OMNIS_NETWORK)9910201666305606 | ||
| 040 |
_aWA N _cWA N _dWA N _dKOSZ 005/HR |
||
| 041 | 0 | _apol | |
| 046 | _k2003 | ||
| 080 | _a658.56 | ||
| 080 | _a005.6 | ||
| 080 | _a502.13/.14 | ||
| 080 | _a006.3/.8 | ||
| 080 | _a331.45 | ||
| 100 | 1 |
_aGrudowski, Piotr _eAutor |
|
| 245 | 1 | 0 |
_aJakość, środowisko i BHP w systemach zarządzania / _cPiotr Grudowski. |
| 260 |
_aBydgoszcz : _b"AJG" : _bOPO [Ośrodek Postępu Organizacyjnego], _c2003. |
||
| 300 |
_a147, [1] s. : _bil. ; _c25 cm. |
||
| 336 |
_aTekst _btxt _2rdacontent |
||
| 337 |
_aBez urządzenia pośredniczącego _bn _2rdamedia |
||
| 338 |
_aWolumin _bnc _2rdacarrier |
||
| 380 | _aKsiążki | ||
| 388 | _a2001- | ||
| 490 | 1 |
_aBiblioteka Menedżera i Służby Pracowniczej (1996) ; _vz. 246 |
|
| 504 | _aBibliogr., normy. | ||
| 650 | 7 |
_aBHP _2DBN |
|
| 650 | 7 |
_aJakość produktu _2DBN |
|
| 650 | 7 |
_aNormalizacja _2DBN |
|
| 650 | 7 |
_aOchrona środowiska _2DBN |
|
| 650 | 7 |
_aOrganizacja _2DBN |
|
| 650 | 7 |
_aPrzedsiębiorstwo _2DBN |
|
| 650 | 7 |
_aZarządzanie jakością _2DBN |
|
| 658 | _aZarządzanie i marketing | ||
| 830 | 0 |
_aBiblioteka Menedżera i Służby Pracowniczej (1996) _vz. 246 |
|
| 856 |
_uhttp://koha.tu.koszalin.pl/cgi-bin/koha/opac-detail.pl?biblionumber=44646 _yKatalog online BPK |
||
| 942 |
_2UKD _cKS |
||
| 999 |
_c44646 _d44646 |
||